Statistics for North Korea Country Quiz

Click here to take the quiz!

General Stats

  • This quiz has been taken 25,137 times
    (24,244 since last reset)
  • The average score is 14 of 21

Answer Stats

HintAnswer% Correct
Capital cityPyongyang
96%
Technically, North Korea is still at war with this countrySouth Korea
96%
North Korea shares a short, 17 km border with this nationRussia
93%
Current Supreme Leader of North KoreaKim Jong-un
86%
In 2020, North Korea spent 24% of its GDP on this sectorMilitary
85%
Weapons first tested by North Korea in 2006Nuclear Weapons
85%
What 'DMZ' stands forDemilitarized Zone
83%
In 2011, the North Korean constitution was amended to remove references to this political ideologyCommunism
80%
Disaster that struck North Korea from 1994–1998Famine
78%
The year in which Kim Il-sung, founder of North Korea, died1994
69%
The sea between North Korea and ChinaYellow Sea
69%
Foreign city in which most embassies to North Korea are locatedBeijing
65%
With a capacity of 114,000 people, 'Rungrado 1st of May' is the second largest ______ in the worldStadium
52%
American basketball player who is friends with the leader of North KoreaDennis Rodman
51%
A nickname for North Korea, owing to its isolation from other countries{Hermit} Kingdom
48%
The name of the country's highest mountainPaektu
48%
The country's ruling political partyWorkers' Party of Korea
45%
Official state belief system of North KoreaAtheism
42%
The tallest building in North Korea, still unfinished after construction started in 1987Ryugyong Hotel
40%
The year in which the men's football (soccer) team first appeared in the World Cup1966
33%
Official state ideology (begins with J)Juche
33%

Score Distribution

Percentile by Number Answered

Percent of People with Each Score

Your Score History

You have not taken this quiz since the last reset